UM Logo

Rica Balaraio lagman... : (Record no. 22039)

MARC details
000 -LEADER
fixed length control field 00553nam a22001337a 4500
005 - DATE AND TIME OF LATEST TRANSACTION
control field 20241001084832.0
008 - FIXED-LENGTH DATA ELEMENTS--GENERAL INFORMATION
fixed length control field 241001b |||||||| |||| 00| 0 eng d
100 ## - MAIN ENTRY--PERSONAL NAME
Personal name Yauder, Dresden Klette A.
Relator term author.
9 (RLIN) 61864
245 ## - TITLE STATEMENT
Title Rica Balaraio lagman... :
Remainder of title ang mga hamon at inspirasyon sa kanyang buhay /
Statement of responsibility, etc. Dresden Klette A. Yauder.
260 ## - PUBLICATION, DISTRIBUTION, ETC. (IMPRINT)
Place of publication, distribution, etc. Philippines:
Name of publisher, distributor, etc. Publishers Association of the Philippines, Inc.,
Date of publication, distribution, etc. October 2018.
300 ## - PHYSICAL DESCRIPTION
Extent Volume 66, pages 195-198,
Other physical details illustration.
700 ## - ADDED ENTRY--PERSONAL NAME
Personal name Yauder, Dresden Klette A.
Relator term author.
9 (RLIN) 61865
942 ## - ADDED ENTRY ELEMENTS (KOHA)
Source of classification or shelving scheme Dewey Decimal Classification
Koha item type Periodicals
Holdings
Withdrawn status Lost status Source of classification or shelving scheme Damaged status Not for loan Collection code Home library Current library Date acquired Total Checkouts Date last seen Price effective from Koha item type Public note
    Dewey Decimal Classification     Periodicals UM Digos College - LIC UM Digos College - LIC 10/01/2024   10/01/2024 10/01/2024 Periodicals Periodical Article